Quiz da Estónia - Statistics

Estatísticas Gerais
  • Esse quiz foi jogado 683 vezes
  • A pontuação média é 10 de 20
Estatísticas das Respostas
Dica Resposta % Correto
Países fazendo fronteira com a Estónia Letónia
94%
A Estónia fazia parte deste país antes de 1991 União Soviética
94%
Países fazendo fronteira com a Estónia Rússia
92%
Capital Tallinn
80%
Duas grandes organizações internacionais nas quais a Estónia entrou em 2004 OTAN
79%
Duas grandes organizações internacionais nas quais a Estónia entrou em 2004 União Europeia
74%
Os dois golfos acima fazem parte deste mar Mar Báltico
69%
48% do território da Estónia está coberta por ... Floresta
61%
Software de vídeochamadas popular, desenvolvido por estonianos,comprado pela Microsoft em 2011 Skype
56%
Dois golfos oceânicos fazendo fronteira com a Estónia Golfo da {Finlândia}
55%
Antes da Segunda Guerra Mundial, cerca de 80% dos estonianos pertenciam a esteramo do protestantismo. Hoje, é menos de 10%. Luteranismo
50%
Em 2005, a Estónia foi o primeiro país a permitir seus residentes votarem por este meio Internet
41%
Moeda usada entre 1992 e 2011 Coroa
29%
Dois golfos oceânicos fazendo fronteira com a Estónia Golfo de {Riga}
29%
Rei sueco que originou o nome da universidade {Gustavo} Adolfo II
18%
A língua estoniana faz parte deste grupo de línguas Fínicas
17%
Ordem militar cruzada germânica que governou a maior parte da Estónia por três séculos Ordem {Teutónica}
17%
Maior e mais velha universidade Universidade de {Tartu}
15%
Nomeie uma das duas maiores ilhas da Estónia Saaremaa | Hiiumaa
12%
Quinto maior lago na Europa, encontrado na fronteira oriental Lago Peipus
11%
Nenhum quiz correspondente encontrado
Distribuição das Pontuações
Porcentagem de Pessoas com Cada Pontuação
Percentil de Números Respondidos
Sua Pontuação Histórica
Você não jogou esse quiz